Every College/University in Illinois - Statistics

General Stats
  • This quiz has been taken 47 times
  • The average score is 18 of 68
Answer Stats
Answer % Correct
Illinois State University
78%
Northern Illinois University
78%
Southern Illinois University - Carbondale
78%
Northwestern University
74%
University of Illinois - Chicago
74%
Bradley University
61%
University of Illinois Urbana-Champaign
61%
DePaul University
57%
Eastern Illinois University
57%
University of Chicago
57%
Southern Illinois University Edwardsville
52%
Western Illinois University
52%
North Central College
48%
Chicago State University
43%
Loyola University
43%
Rockford University
43%
Augustana College
39%
University of Illinois - Springfield
39%
Governors State University
35%
Illinois Wesleyan University
35%
Lake Forest College
35%
Lewis University
35%
Roosevelt University
35%
Aurora University
30%
Elmhurst University
30%
Illinois College
30%
Knox College
30%
Millikin University
30%
Saint Xavier University
30%
Benedictine University
26%
Dominican University
26%
Illinois Institute of Technology
26%
Monmouth College
26%
Northeastern Illinois University
26%
Blackburn College
22%
East-West University
22%
Eureka College
22%
North Park University
22%
Olivet Nazarene University
22%
Wheaton College
22%
Greenville University
17%
Quincy University
17%
Concordia University Chicago
13%
McKendree University
13%
National Louis University
13%
Trinity Christian College
13%
University of St. Francis
13%
DeVry University
9%
Lincoln Christian University
9%
Principia College
9%
Trinity International University
9%
Columbia College Chicago
4%
Judson University
4%
School of the Art Institute of Chicago
4%
St. Francis Medical Center College of Nursing
4%
St. Johns College
4%
American Academy of Art
0%
Chamberlain University
0%
Blessing-Rieman College of Nursing and Health Sciences
0%
Hebrew Theological College
0%
Lakeview College of Nursing
0%
Methodist College
0%
Moody Bible Institute
0%
Oak Point University
0%
St. Anthony College of Nursing
0%
St. Augustine College
0%
Trinity College of Nursing & Health Sciences
0%
Vandercook College of Music
0%
No matching quizzes found
Score Distribution
Percent of People with Each Score
Percentile by Number Answered
Your Score History
You have not taken this quiz